عرض عادي
عرض مارك
- Modernism (Art)
مدخل مصطلح موضوعي
001 - رقم الضبط
- حقل الضبط: 9094
003 - معرف رقم الضبط
- حقل الضبط: OSt
005 - تاريخ ووقت أخر عملية
- حقل الضبط: 20111226190707.0
008 - عناصر بيانات ثابتة الطول
- حقل تحكم ثابت الطول: 111226|||a|||||| | ||| d
040 ## - مصدر الفهرسة
- هيئة الفهرسة الأصلية: OSt
- وكالة الكتابة: OSt
150 ## - مدخل-- مصطلح تاريخي
- عنصر مدخل المصطلح الموضوعي او الاسم الجغرافي: Modernism (Art)
- تفريع جغرافي: Europe.
670 ## - بيانات المصدر موجوده
- الاستشهاد بالمصدر: Work cat.: (OSt)3371: Butler, Christopher, 1940-, Early modernism :, 1994.
